Accounting spreadsheet applications using Lotus 1-2-3 /
This book is about: Cash budget; Loan repayment schedule; cash forecasting; Spreadsheet design; Cash book; ...
Сохранить в:
| Главный автор: | |
|---|---|
| Другие авторы: | |
| Формат: | |
| Язык: | English |
| Опубликовано: |
South Melbourne :
Nelson,
1994.
|
| Редактирование: | Rev. ed. |
| Предметы: | |
| Метки: |
Добавить метку
Нет меток, Требуется 1-ая метка записи!
|
| Thư viện lưu trữ: | Mạng thư viện Đại học Đà Nẵng |
|---|
| LEADER | 01124cam a2200385 i 4500 | ||
|---|---|---|---|
| 001 | 000049294 | ||
| 003 | 9035 | ||
| 005 | 20030317101745.0 | ||
| 008 | 010324|1994 vm 000 eng | ||
| 020 | |a 0170089754 | ||
| 040 | |a IRC |c IRC |d IRC | ||
| 041 | 0 | |a eng | |
| 082 | 1 | 4 | |a 657.02855369 |b MA-P |
| 100 | 1 | |a Malycha, Paul. | |
| 245 | 0 | 0 | |a Accounting spreadsheet applications using Lotus 1-2-3 / |c Paul Malycha, Ian Pascoe. |
| 250 | |a Rev. ed. | ||
| 260 | |a South Melbourne : |b Nelson, |c 1994. | ||
| 300 | |a 385 p. ; |c 27.5cm. | ||
| 520 | 3 | |a This book is about: Cash budget; Loan repayment schedule; cash forecasting; Spreadsheet design; Cash book; ... | |
| 630 | 0 | 4 | |a Electronic spreadsheets. |
| 630 | 0 | 4 | |a Lotus 1-2-3. |
| 650 | 0 | 4 | |a Lotus 1-2-3 (Computer file) |
| 650 | 0 | 4 | |a Accounting |x Data processing. |
| 650 | 0 | 4 | |a Electronic spreadsheets. |
| 700 | 1 | |a Pascoe, Ian. | |
| OWN | |a DUT | ||
| 999 | |a From the UDN01 | ||
| TYP | |a Monograph | ||
| TYP | |a Printed language | ||
| 980 | |a Mạng thư viện Đại học Đà Nẵng | ||


